Eye Witness Books: Pond and River / (Record no. 523368)
[ view plain ]
| 000 -LEADER | |
|---|---|
| fixed length control field | 00396nam a2200157Ia 4500 |
| 005 - DATE AND TIME OF LATEST TRANSACTION | |
| control field | 20190201114020.0 |
| 008 - FIXED-LENGTH DATA ELEMENTS--GENERAL INFORMATION | |
| fixed length control field | 190125s9999 xx 000 0 und d |
| 020 ## - INTERNATIONAL STANDARD BOOK NUMBER | |
| International Standard Book Number | 0394896157 |
| 040 ## - CATALOGING SOURCE | |
| Transcribing agency | DLC |
| 082 ## - DEWEY DECIMAL CLASSIFICATION NUMBER | |
| Classification number | 560 |
| Author Mark | PAR |
| 100 ## - MAIN ENTRY--PERSONAL NAME | |
| Personal name | Parker, Steve |
| 9 (RLIN) | 13608 |
| 245 ## - TITLE STATEMENT | |
| Title | Eye Witness Books: Pond and River / |
| 260 ## - PUBLICATION, DISTRIBUTION, ETC. | |
| Name of publisher, distributor, etc. | Alfred A. Knopf |
| Place of publication, distribution, etc. | New York |
| Date of publication, distribution, etc. | 1988 |
| 300 ## - PHYSICAL DESCRIPTION | |
| Extent | 63 p. : |
| 942 ## - ADDED ENTRY ELEMENTS (KOHA) | |
| Source of classification or shelving scheme | |
| Koha item type | Book |
| Withdrawn status | Lost status | Source of classification or shelving scheme | Damaged status | Not for loan | Permanent Location | Current Location | Date acquired | Total Checkouts | Full call number | Barcode | Date last seen | Date last checked out | Price effective from | Koha item type |
|---|---|---|---|---|---|---|---|---|---|---|---|---|---|---|
| Central Library (CL) | Central Library (CL) | 02/01/2019 | 1 | 560 PAR | NIT-12180 | 08/20/2025 | 07/22/2025 | 02/01/2019 | Book |
